| 000 | 01327cam a22003137a 4500 | ||
|---|---|---|---|
| 001 | 16618823 | ||
| 003 | OSt | ||
| 005 | 20240221092444.0 | ||
| 008 | 110121r20091994nyua b 000 0 eng | ||
| 010 | _a 2008908222 | ||
| 020 | _a9780500288023 (pbk.) | ||
| 035 | _a(OCoLC)ocn286447268 | ||
| 040 |
_aUKM _cUKM _dBTCTA _dYDXCP _dNUI _dVP@ _dDLC |
||
| 042 | _alccopycat | ||
| 050 | 0 | 0 |
_aTS1449 _b.E42 2009 |
| 082 | 0 | 4 |
_a677.0012 _222 _bEME |
| 100 | 1 |
_aEmery, Irene. _9120909 |
|
| 245 | 1 | 4 |
_aThe primary structures of fabrics : _ban illustrated classification / _cby Irene Emery. |
| 260 |
_aNew York, N.Y. : _bThames & Hudson, _c2009. |
||
| 300 |
_axxvi, 341 p. : _bill. ; _c31 cm. |
||
| 500 | _aOriginally published: Washington, D.C.: Textile Museum, 1966; London: Thames & Hudson, 1994. | ||
| 504 | _aIncludes bibliographical references (p. 260-308) and index. | ||
| 650 | 0 |
_aTextile fabrics _vClassification. _9120910 |
|
| 776 | 0 | 8 |
_iOnline version: _aEmery, Irene. _tPrimary structures of fabrics. _dNew York, N.Y. : Thames & Hudson, 2009 _w(OCoLC)617095934 |
| 906 |
_a7 _bcbc _ccopycat _d2 _encip _f20 _gy-gencatlg |
||
| 942 |
_2ddc _cBK _aSADA _k677.0012 EME 2009 |
||
| 999 |
_c607937 _d607937 |
||